Sports Quiz

Random Sports or NBA Quiz

'Big 4' Non-City Geographic Names Quiz Stats

Quiz Updated Apr 8, 2015

Challenge
Share
Tweet
Embed
Score 0/14 Timer 02:00
0 Plays Today
Geographic Name % Correct
Florida
82.3%
Texas
76.6%
New England
76.5%
Arizona
74.1%
Minnesota
73.8%
Carolina
72.7%
Golden State
66%
Geographic Name % Correct
Colorado
64.1%
Tennessee
56%
Utah
55.2%
New Jersey
51.6%
Indiana
49.8%
Tampa Bay
24.1%
Brooklyn
15.3%

You're not logged in!

Compare scores with friends on all Sporcle quizzes.
Join for Free
OR
Log In

You Might Also Like...

Show Comments

Extras

Top Quizzes Today


Score Distribution

Your Account Isn't Verified!

In order to create a playlist on Sporcle, you need to verify the email address you used during registration. Go to your Sporcle Settings to finish the process.

Report this User

Report this user for behavior that violates our Community Guidelines.

Details: